00257pab a2200121 454500008004000000100002000040245001600060260000900076300001300085362000800098650001700106773001200123180718b2014 xxu||||| |||| 00| 0 eng d aPriyam, Manisha aPipe dreams c2014 ap.23-27. aNov aUrbanization aSeminar